Historical Figures whose Names starts with B - Statistics

General Stats
  • This quiz has been taken 60 times
  • The average score is 12 of 20
Answer Stats
Picture Hint Answer % Correct
American Founding Father Benjamin Franklin
96%
martial artist and film icon Bruce Lee
96%
first black U.S. president Barack Obama
95%
co-founder of Microsoft Bill Gates
89%
pirate Blackbeard
89%
Reggae Bob Marley
89%
Italian fascist dictator "Il duce" Benito Mussolini
87%
Nirvana Buddha
85%
singer-songwriter and Nobel prize winner Bob Dylan
75%
French actress Brigitte Bardot
71%
Queen of the Iceni tribe Boudica
56%
author of Dracula Bram Stoker
51%
author of Peter Rabbit Beatrix Potter
45%
Golden Girls actress Betty White
44%
German playwright Bertolt Brecht
35%
British analytical philosopher Bertrand Russell
24%
Dutch philosopher Baruch Spinoza
16%
Pensées Blaise Pascal
16%
the leper King Baldwin IV of Jerusalem
13%
Empress of Blues Bessie Smith
11%
No matching quizzes found
Score Distribution
Percent of People with Each Score
Percentile by Number Answered
Your Score History
You have not taken this quiz